Online Catalogue and eLibrary

From Markets to Myths: (Record no. 1567)

MARC details
000 -LEADER
fixed length control field 00560nam a2200193Ia 4500
005 - DATE AND TIME OF LATEST TRANSACTION
control field 20250109040217.0
008 - FIXED-LENGTH DATA ELEMENTS--GENERAL INFORMATION
fixed length control field 240331s9999 xx 000 0 und d
020 ## - INTERNATIONAL STANDARD BOOK NUMBER
ISBN 8185952604
082 ## - DDC Classification
Item Number - Author Mark KUM
DDC Edition Number 4181
Class No. 305.3
245 #0 - TITLE STATEMENT
Title From Markets to Myths:
Remainder of title Essays on Gender
260 ## - PUBLICATION, DISTRIBUTION, ETC.
Place of publication, distribution, etc. Shimla
Name of publisher, distributor, etc. Deputy Secretary, Indian Institute of Advanced Study
Date of publication, distribution, etc. 1999
260 ## - PUBLICATION, DISTRIBUTION, ETC.
Place of publication, distribution, etc. Delhi
Name of publisher, distributor, etc. Manohar Publishers and Distributors
Date of publication, distribution, etc. 1999
300 ## - PHYSICAL DESCRIPTION
Extent (e.g. Volumes, Pages etc.) xxx, 395 p.,
650 ## - SUBJECT ADDED ENTRY--TOPICAL TERM
Topical term or geographic name entry element Gender
650 ## - SUBJECT ADDED ENTRY--TOPICAL TERM
Topical term or geographic name entry element Women
700 ## - ADDED ENTRY--PERSONAL NAME
Personal name Sangari, K
Relator term (Role) Editor
700 ## - ADDED ENTRY--PERSONAL NAME
Personal name Chakravarti, U
Relator term (Role) Editor
942 ## - Koha item type (Biblio)
Koha item type Books in Stacks (Lending)
Holdings
Lost status Damaged status Collection code Home library Current library Shelving location Date acquired Full call number Accession Number Item type
    Lending WERC Library WERC Library Social Science Cupboard 03/31/2024 305.3 FRO 4181 Books in Stacks (Lending)

© WERC Library